00538nam a2200193 a 450000100060000000300080000600500170001400800410003103500190007204000270009104100080011808200240012610000140015024500500016426000620021430000310027665000260030765000110033367359BD-RjUL20211209081636.0170323r1964 nyua 000 0 eng d a(BD-RjUL)67490 aDLCcDLCdBD-RjULbeng aeng00a541.2223bGAM 19641 aGamow, G.10aMr. Tompkins explores the atom /cby G. Gamow aNew York :bThe University press,c1944 [Reprinted 1964]. ax, 97 p. :bill. ;c22 cm. 0aTheoretical Chemistry 0aAtoms.